Loading...
| Fine Arts - Painting and Sculpture | 0 | 5 | 0 | 0 | 50 | 98 | 116.40 | 0 | 1 | 3.99 | 15.76 |
| Mythology | 0 | 5 | 1 | 1 | 45 | 88 | 102.40 | 0 | 1 | 10.78 | 16.67 |
| Science - Biology | 0 | 3 | 0 | 1 | 30 | 69 | 86.33 | 0 | 0 | 6.44 | 9.39 |
| Literature - European | 0 | 3 | 0 | 1 | 30 | 115 | 127.67 | 0 | 1 | 1.38 | 9.70 |
| History - Other | 0 | 3 | 0 | 1 | 30 | 89 | 115.00 | 0 | 1 | 2.94 | 7.58 |
| Fine Arts - Classical Music | 0 | 3 | 1 | 0 | 25 | 80 | 94.67 | 1 | 2 | 5.43 | 16.97 |
| Science - Chemistry | 0 | 3 | 1 | 0 | 25 | 46 | 77.00 | 1 | 3 | 8.63 | 15.45 |
| History - American | 0 | 3 | 1 | 0 | 25 | 79 | 86.67 | 0 | 1 | 8.52 | 12.12 |
| Literature - British | 0 | 2 | 0 | 0 | 20 | 99 | 99.50 | 0 | 2 | 4.78 | 12.12 |
| History - European | 0 | 2 | 0 | 0 | 20 | 66 | 96.00 | 1 | 1 | 4.21 | 7.58 |
| Science - Physics | 0 | 2 | 1 | 1 | 15 | 51 | 75.50 | 1 | 1 | 6.72 | 13.64 |
| Literature - World | 0 | 2 | 1 | 0 | 15 | 112 | 126.00 | 0 | 0 | 2.02 | 3.33 |
| History - World | 0 | 1 | 0 | 0 | 10 | 102 | 102.00 | 0 | 0 | 1.23 | 4.55 |
| Philosophy | 0 | 1 | 0 | 1 | 10 | 125 | 125.00 | 0 | 0 | 0.00 | 1.52 |
| Popular Culture | 0 | 1 | 0 | 0 | 10 | 102 | 102.00 | 0 | 0 | 5.68 | 4.17 |
| Literature - American | 0 | 1 | 0 | 0 | 10 | 117 | 117.00 | 0 | 0 | 2.00 | 1.82 |
| Geography | 0 | 1 | 0 | 0 | 10 | 93 | 93.00 | 0 | 1 | 13.95 | 33.33 |
| Current Events | 0 | 1 | 0 | 1 | 10 | 128 | 128.00 | 0 | 0 | 0.00 | 10.00 |
| Science - Other | 0 | 1 | 1 | 0 | 5 | 91 | 91.00 | 0 | 0 | 2.42 | 4.55 |